000 01066nam a2200241 a 4500
001 000042183
005 20240412074301.0
008 131118s2013 dr 000 0 spa d
020 _a9789945889314
040 _aDO-SdBNP
_bspa
_cBNPHU
082 _aRD868.44
_bR696p
100 1 _aRodríguez García, César Ariel
_969188
245 1 0 _aPresencia :
_bselección de artículos publicados en La Información en el períodico 1989-2009 /
_cCésar Ariel Rodríguez García ; prólogo Francisco Oscar Espino Torres ; edición al cuidado de Piero Espinal Estévez.
260 _aSan José de las Matas :
_bOpus,
_c2013.
300 _a259 p. ;
_c23 cm.
500 _aIncluye datos biográficos del autor en la solapa de la contracubierta
650 0 _aLiteratura dominicana.
_967
650 4 _aArtículos de prensa
_943
651 4 _aRepública Dominicana
_xCondiciones Sociales
_xEnsayos, Conferencias, Etc.
_91166
700 1 2 _aEspino Torres, Francisco Oscar
_epról.
_969189
700 1 2 _aEspinal Estévez, Piero
_eed.
_93550
910 _aValidado. Control de calidad MFF
999 _c41672
_d41672